Normal view
MARC view
- Rincón, Gilda,
Entry Nombre Personal
001 - NUMERO DE CONTROL
- campo de control: 44831
003 - IDENTIFICADOR DE NUMERO DE CONTROL
- campo de control: DLC
005 - FECHA Y HORA DE LA ÜLTIMA TRANSACCIÓN
- campo de control: 20220613131012.0
008 - DATOS DE LONGITUD FIJA
- campo de control de longitud fija: 131017n| azannaabn |n aaa c
010 ## - NÚMERO DE CONTROL DE LA BIBLIOTECA DEL CONGRESO
- Número de control LC: no2013114502
035 ## - NUMERO DE CONTROL
- Número de control: (OCoLC)oca09591856
040 ## - FUENTE DE CATALOGACIÓN
- Agencia original de catalogación: NcU
- Lenguaje de catalogación: spa
- Description conventions: rda
- Agencia de transcripción: NcU
- Agencia que lo modifica: UPB
- Agencia que lo modifica: MX-MxUPN
046 ## - FECHAS CON CODIFICACIÓN ESPECIAL
- Fecha de nacimiento: 1934
- Fuente del formato de fecha: edtf
100 1# - ENCABEZAMIENTO - NOMBRE PERSONAL
- Nombre personal: Rincón, Gilda,
- Fechas asociadas con el nombre: 1934-
370 ## - LUGAR ASOCIADO
- Place of birth: Chiapas (Mexico)
- Associated country: Mexico
- Fuente del término: naf
374 ## - OCUPACIÓN
- Occupation: Poetisas
- Fuente del término: lemb
375 ## - GÉNERO
- Gender: Femenino
377 ## - LENGUA ASOCIADA
- Language code: spa
670 ## - FUENTE EN LA QUE SE LOCALIZARON DATOS
- Cita de la fuente: Deja un rastro de luz, 2007:
- Información localizada: portada (Gilda Rincón) cubierta posterior (b. 1934, Chiapas; has been published in many supplements, anthologies, and books, and is the author of many of the songs of the "Hermanos Rincón")
670 ## - FUENTE EN LA QUE SE LOCALIZARON DATOS
- Cita de la fuente: Trabalengüero, 2005:
- Información localizada: portada (Gilda Rincón)
902 ## - CATALOGADOR
- Catalogador: VAGG/130622
